000 00944nam a2200277Ia 4500
008
020 _a0727917722 (British Medical Association)
049 _aMAIN
090 _aRS131.3
_bGRE
110 _aGreat Britain.
_bBritish National Formulary.
245 0 0 _aBNF45 :
_bBNF.org /
_cBritish National Formulary.
260 _aLondon :
_bBritish Medical Association,
_c2003.
300 _ax, 834 p. ;
_c22 cm.
500 _aIncludes indexes.
650 2 _aFormularies
_xGreat Britain.
650 2 _aPrescriptions, Drug
_xNurses' Instruction.
650 0 _aNursing
_xmedicine-formulae,receipts,prescription
710 2 _aBritish Medical Association.
710 2 _aRoyal Pharmaceutical Society of Great Britain.
740 0 _aBritish national formulary.
907 _a.b10265806
_b06-02-14
_c07-09-09
003
005 20230120204017.0
040 _cNUST
942 _cBOOKS
_kRS131.3
_mGRE
999 _c115516
_d115516